| 000 | 00851cad a22002055a 4500 | ||
|---|---|---|---|
| 001 | L155707 | ||
| 008 | 120404e2012 xxk 000 0 eng d | ||
| 035 | _a(Sirsi) u155707 | ||
| 041 | 0 | _aeng | |
| 110 | 2 |
_aAEW Europe Research and Strategy _96034 |
|
| 245 | 0 | 0 |
_aEuropean real estate weekly monitoring page _b2 April 2012 _h[electronic resource] |
| 260 |
_a[S.l.] _bAEW Europe _c2012 |
||
| 490 | 0 |
_aAEW Europe European Weekly Real Estate Monitoring Page _v2 April 2012 |
|
| 520 | _aCommentary on capital market indicators, real estate news, real estate market indicators, selected office markets, and selected retail markets. | ||
| 590 | _aKA | ||
| 651 | 4 | _aEurope | |
| 690 |
_aCommercial property _96227 |
||
| 856 | 4 | 0 |
_uhttps://www.aeweurope.com/uploads/pdfs/18eb1e41316f3f8c8da5fecb684dd0bb.pdf _zView the report at www.aeweurope.com |
| 942 | _n0 | ||
| 999 |
_c83898 _d83898 |
||